000 02659cam a22004814a 4500
999 _c4916
_d4916
001 ocn505421195
003 TZ-ArACH
005 20200916001720.0
008 100830s2010 be bv 001 0 eng d
010 _a 2010455876
015 _aGBB091335
_2bnb
016 7 _a015609679
_2Uk
020 _a9789050959315
_q(pbk.)
020 _a9050959318
_q(pbk.)
029 1 _aAU@
_b000046005100
029 1 _aCHBIS
_b006186767
035 _a(OCoLC)505421195
040 _aBTCTA
_beng
_cTZ-ArACH
041 0 _aeng
_bdut
042 _alccopycat
049 _aTZAA
050 0 0 _aK3240
_b.R53
100 1 _aRieter, E. R.
_q(Eva R.)
245 1 0 _aPreventing irreparable harm :
_bprovisional measures in International human rights adjudication /
_cEva Rieter.
260 _aAntwerp ;
_aPortland, Ore. :
_bIntersentia,
_c2010.
300 _axxxix, 1200 pages ;
_c24 cm.
490 1 _aSchool of Human Rights Research series ;
_vv. 37
504 _aIncludes bibliographical references (pages 1117-1151) and index.
505 0 _aDevelopment of the concept of provisional measures by the ICJ and ITLOS -- The use of provisional measures in the context of the various human rights systems -- Halting executions -- Halting corporal punishment -- Halting expulsion or extradition in non-refoulement cases -- Locating and protecting disappeared persons -- Intervening in detention situations involving risks to health and dignity -- Ensuring procedural rights to protect the right to life and personal integrity -- Protecting against death threats and harrassment -- Protecting (indigenous) cultural and religious rights -- Halting mass or arbitrary expulsion and forced eviction -- Provisional measures in other situations -- Protection -- Jurisdiction and admissibility -- Immediacy and risk -- The legal status of provisional measures in human rights adjudication -- The official responses of addressee states to provisional measures -- Follow-up on non-compliance.
546 _aText in English, with a summary in Dutch.
650 0 _aHuman rights
_vCases.
650 0 _aHuman rights
_xInternational cooperation.
650 0 _aInternational law
_vCases.
650 0 _aInternational courts.
650 7 _aHuman rights.
_2fast
650 7 _aHuman rights
_xInternational cooperation.
_2fast
650 7 _aInternational courts.
_2fast
650 7 _aInternational law.
_2fast
655 7 _aTrials, litigation, etc.
_2fast
776 0 8 _iOnline version:
_aRieter, E.R. (Eva R.).
_tPreventing irreparable harm.
_dAntwerp ; Portland, Ore. : Intersentia, �2010
_w(OCoLC)754563177
830 0 _aSchool of Human Rights Research series ;
_vv. 37.
942 _2lcc
_cBOOK